[Event "Liga Madrileña 2010/2011 - D. Honor"]
[Site "Madrid ESP"]
[Date "2011.01.16"]
[Round "6.11"]
[White "Almagro Llamas, Pablo"]
[Black "Gallego Jimenez, Victoriano"]
[Result "1/2-1/2"]
[WhiteElo "2472"]
[BlackElo "2398"]
[PlyCount "60"]
[EventDate "2010.11.21"]
[EventType "team"]
[EventRounds "14"]
[EventCountry "ESP"]
[Source "lmi"]
[SourceDate "2010.11.21"]
[WhiteTeam "Virgen de Atocha"]
[BlackTeam "La Casa del Ajedrez"]
[WhiteTeamCountry "ESP"]
[BlackTeamCountry "ESP"]

1. c4 e5 2. g3 Nf6 3. Bg2 c6 4. d4 exd4 5. Qxd4 d5 6. Nf3 Be7 7. cxd5 cxd5 8.
O-O Nc6 9. Qa4 O-O 10. Nc3 Qb6 11. Bg5 Be6 12. Nb5 a6 13. Nbd4 Nxd4 14. Nxd4
Bd7 15. Qd1 h6 16. Bxf6 Bxf6 17. e3 Qxb2 18. Bxd5 Bxd4 19. Rb1 Qc3 20. Qxd4
Qxd4 21. exd4 Bc6 22. Bxc6 bxc6 23. Rfc1 Rfd8 24. Rb4 Rd6 25. Ra4 Kf8 26. Rb1
Rf6 27. Rb6 a5 28. Rc4 Rd8 29. Rbxc6 Rxc6 30. Rxc6 Rxd4 1/2-1/2

[Event "Liga Madrileña 2010/2011 - D. Honor"]
[Site "Madrid ESP"]
[Date "2011.01.16"]
[Round "6.12"]
[White "Rojo Huerta, Gabriel"]
[Black "Anton Guijarro, David"]
[Result "0-1"]
[WhiteElo "2375"]
[BlackElo "2421"]
[PlyCount "94"]
[EventDate "2010.11.21"]
[EventType "team"]
[EventRounds "14"]
[EventCountry "ESP"]
[Source "lmi"]
[SourceDate "2010.11.21"]
[WhiteTeam "La Casa del Ajedrez"]
[BlackTeam "Virgen de Atocha"]
[WhiteTeamCountry "ESP"]
[BlackTeamCountry "ESP"]

1. d4 Nf6 2. c4 g6 3. Nc3 Bg7 4. e4 d6 5. Nf3 O-O 6. Be3 Bg4 7. Be2 Nfd7 8. Rc1
e5 9. d5 a5 10. O-O Na6 11. Ne1 Bxe2 12. Qxe2 f5 13. f3 f4 14. Bf2 g5 15. Nd3
b6 16. a3 Rf6 17. b4 Rg6 18. c5 bxc5 19. bxc5 h5 20. cxd6 cxd6 21. Nb5 g4 22.
Kh1 g3 23. Bg1 gxh2 24. Bxh2 Ndc5 25. Rfd1 Kh7 26. Qf2 Rc8 27. Nxc5 Rxc5 28.
Na7 Qb6 29. Rxc5 Nxc5 30. Nc6 Qb3 31. Qd2 Bf6 32. Nxa5 Qxa3 33. Rb1 Bg7 34. Qb4
Qd3 35. Qb2 h4 36. Rg1 Bf6 37. Nb7 h3 38. Nxc5 dxc5 39. Qf2 c4 40. gxh3 Rxg1+
41. Kxg1 c3 42. Qa7+ Kg6 43. Qd7 Qd1+ 44. Kg2 Qd2+ 45. Kg1 c2 46. Qf5+ Kg7 47.
Qg4+ Kh6 0-1

[Event "Liga Madrileña 2010/2011 - D. Honor"]
[Site "Madrid ESP"]
[Date "2011.01.16"]
[Round "6.13"]
[White "Martinez Martin, David"]
[Black "Elguezabal Varela, Daniel"]
[Result "1-0"]
[WhiteElo "2398"]
[BlackElo "2357"]
[PlyCount "59"]
[EventDate "2010.11.21"]
[EventType "team"]
[EventRounds "14"]
[EventCountry "ESP"]
[Source "lmi"]
[SourceDate "2010.11.21"]
[WhiteTeam "Virgen de Atocha"]
[BlackTeam "La Casa del Ajedrez"]
[WhiteTeamCountry "ESP"]
[BlackTeamCountry "ESP"]

1. Nf3 Nf6 2. c4 e6 3. Nc3 c5 4. e3 Be7 5. d4 cxd4 6. exd4 d5 7. cxd5 Nxd5 8.
Bd3 O-O 9. O-O Nxc3 10. bxc3 Nd7 11. Qe2 Nf6 12. Ne5 Bd7 13. c4 Be8 14. Bb2 Qc7
15. f4 Nd7 16. Ng4 Nf6 17. Ne5 Nd7 18. Kh1 Rd8 19. Nxd7 Qxd7 20. d5 f5 21. Rae1
Bf6 22. Ba3 exd5 23. cxd5 Rf7 24. Bxf5 Qa4 25. Rf3 Bb5 26. Qd2 Bd7 27. Bc2 Qd4
28. Rd3 Qb6 29. d6 Bb5 30. Rh3 1-0

[Event "Liga Madrileña 2010/2011 - D. Honor"]
[Site "Madrid ESP"]
[Date "2011.01.16"]
[Round "6.14"]
[White "Gemy Vargas, Jose Daniel"]
[Black "Rabadan Velasco, Raul"]
[Result "1/2-1/2"]
[WhiteElo "2316"]
[BlackElo "2350"]
[PlyCount "54"]
[EventDate "2010.11.21"]
[EventType "team"]
[EventRounds "14"]
[EventCountry "ESP"]
[Source "lmi"]
[SourceDate "2010.11.21"]
[WhiteTeam "La Casa del Ajedrez"]
[BlackTeam "Virgen de Atocha"]
[WhiteTeamCountry "ESP"]
[BlackTeamCountry "ESP"]

1. d4 d5 2. Nf3 Nc6 3. c4 Bg4 4. Nc3 e6 5. Bf4 Bxf3 6. gxf3 dxc4 7. e3 Bd6 8.
Bg3 h5 9. Bxc4 Nge7 10. Bh4 Qd7 11. Bxe7 Nxe7 12. a3 c6 13. Qc2 Nd5 14. Ne4 Qc7
15. f4 O-O-O 16. O-O-O Kb8 17. Rhg1 g6 18. Kb1 Rc8 19. Rd3 Rhd8 20. Rgd1 Qe7
21. Qd2 Rc7 22. Ba2 Qh4 23. f3 Qe7 24. Ng5 Qf6 25. Ne4 Qe7 26. Ng5 Qf6 27. Ne4
Qe7 1/2-1/2

[Event "Liga Madrileña 2010/2011 - D. Honor"]
[Site "Madrid ESP"]
[Date "2011.01.16"]
[Round "6.15"]
[White "Rudolf, Anna"]
[Black "Suarez Uriel, Adrian"]
[Result "1-0"]
[WhiteElo "2347"]
[BlackElo "2215"]
[PlyCount "81"]
[EventDate "2010.11.21"]
[EventType "team"]
[EventRounds "14"]
[EventCountry "ESP"]
[Source "lmi"]
[SourceDate "2010.11.21"]
[WhiteTeam "Virgen de Atocha"]
[BlackTeam "La Casa del Ajedrez"]
[WhiteTeamCountry "ESP"]
[BlackTeamCountry "ESP"]

1. e4 c5 2. Nf3 Nc6 3. Bb5 g6 4. Bxc6 dxc6 5. d3 Bg7 6. Nc3 e5 7. Be3 Qe7 8. h3
Nf6 9. Qd2 Nd7 10. a4 Nf8 11. a5 Ne6 12. Na4 Nd4 13. Qc3 Bf8 14. b3 f6 15. Qb2
Qc7 16. Nd2 b5 17. axb6 axb6 18. O-O b5 19. Nc3 Rxa1 20. Rxa1 Bd6 21. Na2 O-O
22. b4 Bd7 23. Nb3 cxb4 24. Nxd4 exd4 25. Qb3+ Kg7 26. Bxd4 c5 27. Be3 c4 28.
Qb2 Ra8 29. Nc1 Ra4 30. d4 Be6 31. Ne2 c3 32. Qc1 Bc4 33. e5 fxe5 34. dxe5 Bxe5
35. Nd4 Qd7 36. Nf3 Bf6 37. Bh6+ Kh8 38. Rxa4 bxa4 39. Qf4 Qc6 40. Ne5 Qd6 41.
Nxg6+ 1-0

[Event "Liga Madrileña 2010/2011 - D. Honor"]
[Site "Madrid ESP"]
[Date "2011.01.16"]
[Round "6.16"]
[White "Collado Barbas, Laura"]
[Black "Vazquez Torres, Adrian"]
[Result "1/2-1/2"]
[WhiteElo "2040"]
[BlackElo "2166"]
[PlyCount "113"]
[EventDate "2010.11.21"]
[EventType "team"]
[EventRounds "14"]
[EventCountry "ESP"]
[Source "lmi"]
[SourceDate "2010.11.21"]
[WhiteTeam "La Casa del Ajedrez"]
[BlackTeam "Virgen de Atocha"]
[WhiteTeamCountry "ESP"]
[BlackTeamCountry "ESP"]

1. d4 Nf6 2. c4 c5 3. d5 e6 4. Nc3 d6 5. e4 exd5 6. cxd5 g6 7. Bd3 a6 8. a4 Bg7
9. h3 O-O 10. Nf3 Re8 11. O-O Nbd7 12. Re1 Qe7 13. Bf4 Nh5 14. Bh2 Qf6 15. Bf1
Ne5 16. Nxe5 Rxe5 17. Qd2 g5 18. Bxe5 Qxe5 19. Nd1 Nf4 20. Ra3 Bd7 21. a5 Re8
22. Rb3 Bc8 23. Nc3 h5 24. Na4 Nxd5 25. Bc4 Nf6 26. Rbe3 g4 27. Qc3 Qg5 28. Qb3
Kh8 29. Bxf7 Rf8 30. Nb6 gxh3 31. Rg3 h2+ 32. Kxh2 Ng4+ 33. Kg1 Bd4 34. Rf1 h4
35. Rf3 Ne5 36. Nxc8 c4 37. Qd1 Nxf3+ 38. Qxf3 Rxc8 39. Be6 Re8 40. Bxc4 Bxb2
41. Bd5 Be5 42. Bxb7 Bf4 43. Qc3+ Kh7 44. Bxa6 Be5 45. Qf3 Kg7 46. Rb1 Re7 47.
Bc4 Rc7 48. Bf1 Rf7 49. Qd3 Qf4 50. f3 h3 51. Rd1 Qh2+ 52. Kf2 Qg3+ 53. Kg1
Qh2+ 54. Kf2 Qg3+ 55. Kg1 Qh2+ 56. Kf2 Qg3+ 57. Kg1 1/2-1/2

[Event "Liga Madrileña 2010/2011 - D. Honor"]
[Site "Madrid ESP"]
[Date "2011.01.16"]
[Round "6.21"]
[White "Adan Bermudez, Sergio"]
[Black "Candela Perez, Jose"]
[Result "1-0"]
[WhiteElo "2264"]
[BlackElo "2399"]
[PlyCount "87"]
[EventDate "2010.11.21"]
[EventType "team"]
[EventRounds "14"]
[EventCountry "ESP"]
[Source "lmi"]
[SourceDate "2010.11.21"]
[WhiteTeam "Pueblo Nuevo"]
[BlackTeam "Leganes"]
[WhiteTeamCountry "ESP"]
[BlackTeamCountry "ESP"]

1. c4 Nf6 2. Nc3 g6 3. g3 Bg7 4. Bg2 O-O 5. e4 d6 6. Nge2 c5 7. a3 Nc6 8. Rb1
Ne8 9. b4 Nc7 10. b5 Ne5 11. d3 Bg4 12. O-O Nf3+ 13. Kh1 Nd4 14. f3 Bd7 15.
Nxd4 Bxd4 16. Ne2 Bg7 17. f4 Bg4 18. f5 Rb8 19. h3 Bxe2 20. Qxe2 Ne8 21. g4 Nf6
22. Bf3 Nd7 23. g5 a6 24. h4 axb5 25. Rxb5 Ne5 26. h5 Nc6 27. Be3 Bd4 28. Bg4
Bxe3 29. Qxe3 Nd4 30. Rb2 e6 31. f6 Qd7 32. Rh2 Ra8 33. Rhf2 Rxa3 34. hxg6 fxg6
35. f7+ Kh8 36. Qf4 Qe7 37. Rh2 h5 38. Bxh5 Kg7 39. Bxg6 Raa8 40. Rh7+ Kxg6 41.
Qh4 Qxg5 42. Rg7+ Kxg7 43. Qxg5+ Kh7 44. Rg1 1-0

[Event "Liga Madrileña 2010/2011 - D. Honor"]
[Site "Madrid ESP"]
[Date "2011.01.16"]
[Round "6.22"]
[White "Reyes Larenas, Juan"]
[Black "Barez Menendez, Hector"]
[Result "1-0"]
[WhiteElo "2435"]
[BlackElo "2168"]
[PlyCount "63"]
[EventDate "2010.11.21"]
[EventType "team"]
[EventRounds "14"]
[EventCountry "ESP"]
[Source "lmi"]
[SourceDate "2010.11.21"]
[WhiteTeam "Leganes"]
[BlackTeam "Pueblo Nuevo"]
[WhiteTeamCountry "ESP"]
[BlackTeamCountry "ESP"]

1. e4 e5 2. Bc4 Nf6 3. d3 c6 4. Nf3 Be7 5. O-O d6 6. Nbd2 O-O 7. Re1 Bg4 8. h3
Bh5 9. a3 Nbd7 10. Ba2 Nc5 11. Nf1 Ne8 12. Ng3 Bxf3 13. Qxf3 g6 14. c3 Bg5 15.
d4 Nd7 16. dxe5 dxe5 17. Nf1 Bxc1 18. Raxc1 Qe7 19. Rcd1 Nef6 20. Nd2 Rad8 21.
b4 Nb6 22. Qe3 Rd7 23. Nf3 Rfd8 24. Rxd7 Rxd7 25. Qg5 Rd3 26. Nxe5 Rxc3 27.
Bxf7+ Kg7 28. Bxg6 h6 29. Qf5 Rxa3 30. Bf7 Qd6 31. Bc4 Nbd7 32. Qg6+ 1-0

[Event "Liga Madrileña 2010/2011 - D. Honor"]
[Site "Madrid ESP"]
[Date "2011.01.16"]
[Round "6.23"]
[White "Baigorri Navarro, Francisco Javier"]
[Black "Arribas Lopez, Angel"]
[Result "0-1"]
[WhiteElo "2149"]
[BlackElo "2439"]
[PlyCount "80"]
[EventDate "2010.11.21"]
[EventType "team"]
[EventRounds "14"]
[EventCountry "ESP"]
[Source "lmi"]
[SourceDate "2010.11.21"]
[WhiteTeam "Pueblo Nuevo"]
[BlackTeam "Leganes"]
[WhiteTeamCountry "ESP"]
[BlackTeamCountry "ESP"]

1. d4 d6 2. c4 g6 3. e4 Bg7 4. Nc3 Nf6 5. Nf3 O-O 6. Be2 Nbd7 7. O-O e5 8. Be3
Re8 9. d5 Nh5 10. Re1 Bf6 11. g3 Ng7 12. b4 Be7 13. Nd2 a5 14. a3 f5 15. f3 h5
16. Nb3 a4 17. Nd2 h4 18. g4 Bg5 19. Bf2 Rf8 20. c5 dxc5 21. bxc5 fxg4 22. fxg4
Rxf2 23. Kxf2 Nxc5 24. Bc4 Kh7 25. Kg2 Bxg4 26. Nf3 Bf4 27. Rf1 Qd7 28. Kh1 Rf8
29. Qe1 Bxf3+ 30. Rxf3 g5 31. Bf1 Nb3 32. Bh3 Qe8 33. Ra2 Qh5 34. Rd3 g4 35.
Bf1 Nc1 36. Rdd2 Qg5 37. Bb5 Nxa2 38. Rxa2 g3 39. h3 Be3 40. Bxa4 Rf2 0-1

[Event "Liga Madrileña 2010/2011 - D. Honor"]
[Site "Madrid ESP"]
[Date "2011.01.16"]
[Round "6.24"]
[White "Prieto Martin, Alfonso"]
[Black "Nieto de la Cruz, Julio"]
[Result "1/2-1/2"]
[WhiteElo "2173"]
[BlackElo "2135"]
[PlyCount "108"]
[EventDate "2010.11.21"]
[EventType "team"]
[EventRounds "14"]
[EventCountry "ESP"]
[Source "lmi"]
[SourceDate "2010.11.21"]
[WhiteTeam "Leganes"]
[BlackTeam "Pueblo Nuevo"]
[WhiteTeamCountry "ESP"]
[BlackTeamCountry "ESP"]

1. c4 c5 2. Nc3 Nc6 3. Nf3 e5 4. g3 g6 5. Bg2 Bg7 6. O-O Nge7 7. d3 O-O 8. Ne1
d6 9. Nc2 f5 10. f4 h6 11. Ne3 exf4 12. gxf4 Bd4 13. Kh1 g5 14. Ned5 Ng6 15. e3
Bg7 16. Bd2 Nh4 17. Rg1 Be6 18. Qe2 g4 19. Be1 Nxg2 20. Qxg2 a6 21. Bg3 Rb8 22.
a4 Rf7 23. Qf2 b5 24. Bh4 Qd7 25. a5 Qb7 26. Rgb1 Nb4 27. Qg2 Nxd3 28. cxb5
axb5 29. a6 Qa7 30. Ne7+ Rxe7 31. Bxe7 Nb4 32. Rd1 Nxa6 33. Bxd6 Rd8 34. Qc6
Nb4 35. Qxb5 Qf7 36. Qxc5 Nc2 37. Ra7 Bd7 38. Nd5 Qe6 39. Ne7+ Kh8 40. Rxd7
Qxd7 41. Qxc2 Qb7+ 42. Qc6 Qb3 43. Qd5 Qxb2 44. Nxf5 Bf6 45. Nxh6 g3 46. hxg3
Kg7 47. Nf5+ Kg6 48. Nh4+ Kg7 49. e4 Qf2 50. Nf5+ Kg6 51. Nh4+ Bxh4 52. gxh4
Qf3+ 53. Kg1 Qg3+ 54. Kf1 Qf3+ 1/2-1/2

[Event "Liga Madrileña 2010/2011 - D. Honor"]
[Site "Madrid ESP"]
[Date "2011.01.16"]
[Round "6.25"]
[White "Fernandez Lledo, Javier"]
[Black "Davicce Cañada, Juan Antonio"]
[Result "1-0"]
[WhiteElo "2138"]
[BlackElo "2097"]
[PlyCount "69"]
[EventDate "2010.11.21"]
[EventType "team"]
[EventRounds "14"]
[EventCountry "ESP"]
[Source "lmi"]
[SourceDate "2010.11.21"]
[WhiteTeam "Pueblo Nuevo"]
[BlackTeam "Leganes"]
[WhiteTeamCountry "ESP"]
[BlackTeamCountry "ESP"]

1. e4 c6 2. d4 d5 3. exd5 cxd5 4. c4 Nf6 5. Nc3 Nc6 6. Bg5 e6 7. Nf3 Be7 8. a3
O-O 9. Rc1 Ne4 10. Be3 Bf6 11. Bd3 Nxc3 12. bxc3 dxc4 13. Bxc4 b6 14. O-O Bb7
15. Bf4 Rc8 16. Ba2 Ne7 17. Qd3 Nd5 18. Bg3 g6 19. Rfd1 Bg7 20. c4 Ne7 21. Be5
Bh6 22. Rb1 Nf5 23. d5 exd5 24. cxd5 Bg7 25. Qb3 Nd6 26. Qb4 Bxe5 27. Nxe5 Re8
28. Qf4 Re7 29. Rb3 Rc2 30. Ng4 Rxa2 31. Nf6+ Kg7 32. Rh3 h5 33. Rxh5 gxh5 34.
Qg5+ Kh8 35. Qh6# 1-0

[Event "Liga Madrileña 2010/2011 - D. Honor"]
[Site "Madrid ESP"]
[Date "2011.01.16"]
[Round "6.26"]
[White "Pedrajas Estepa, Manuel"]
[Black "Rodrigo Yanguas, Maria"]
[Result "0-1"]
[WhiteElo "2097"]
[BlackElo "2070"]
[PlyCount "74"]
[EventDate "2010.11.21"]
[EventType "team"]
[EventRounds "14"]
[EventCountry "ESP"]
[Source "lmi"]
[SourceDate "2010.11.21"]
[WhiteTeam "Leganes"]
[BlackTeam "Pueblo Nuevo"]
[WhiteTeamCountry "ESP"]
[BlackTeamCountry "ESP"]

1. e4 e6 2. d4 d5 3. e5 c5 4. c3 Nc6 5. Nf3 Nh6 6. Bd3 Nf5 7. dxc5 Bxc5 8. b4
Be7 9. O-O O-O 10. Na3 f6 11. exf6 Bxf6 12. Bd2 e5 13. Bc2 e4 14. Ne1 Be5 15.
f4 Bc7 16. g3 Bb6+ 17. Kh1 Qe8 18. Ng2 Qg6 19. g4 Nh6 20. Be3 Nxg4 21. Bxb6
axb6 22. Nb5 Qh5 23. h4 e3 24. Nc7 Ra3 25. Qxd5+ Qxd5 26. Nxd5 Be6 27. Ngxe3
Nxe3 28. Nxe3 Rxc3 29. f5 Bf7 30. b5 Nd4 31. Be4 Rxe3 32. Bxb7 Bc4 33. Rfd1
Nxf5 34. Rac1 Bxb5 35. Rd5 Ng3+ 36. Kg2 Bf1+ 37. Kh2 Rf2+ 0-1

[Event "Liga Madrileña 2010/2011 - D. Honor"]
[Site "Madrid ESP"]
[Date "2011.01.16"]
[Round "6.31"]
[White "Hernandez Gallardo, Francisco Javier"]
[Black "Valles Moreno, Ivan"]
[Result "0-1"]
[WhiteElo "2330"]
[BlackElo "2366"]
[PlyCount "74"]
[EventDate "2010.11.21"]
[EventType "team"]
[EventRounds "14"]
[EventCountry "ESP"]
[Source "lmi"]
[SourceDate "2010.11.21"]
[WhiteTeam "Moratalaz"]
[BlackTeam "Amigos del Retiro"]
[WhiteTeamCountry "ESP"]
[BlackTeamCountry "ESP"]

1. e4 d6 2. d4 Nf6 3. Nc3 e5 4. Nf3 Nbd7 5. Bc4 Be7 6. O-O O-O 7. a4 c6 8. Re1
a5 9. Bg5 h6 10. Bh4 Nh5 11. Bg3 Nxg3 12. hxg3 Bf6 13. d5 Be7 14. Qd3 Nc5 15.
Qe3 Kh8 16. Rad1 Qb6 17. b3 Bg4 18. Be2 f5 19. exf5 Bxf5 20. Bd3 Bxd3 21. Rxd3
Qb4 22. Rdd1 Rac8 23. Ne4 Nxe4 24. Qxe4 Qxe4 25. Rxe4 cxd5 26. Rxd5 Rxc2 27.
Rxa5 Rfc8 28. Rb5 R8c7 29. g4 Bf6 30. a5 Ra2 31. Rc4 Re7 32. Rd5 e4 33. Nd4 e3
34. fxe3 Rxe3 35. Rc2 Ra1+ 36. Kf2 Rd3 37. Rc8+ Kh7 0-1

[Event "Liga Madrileña 2010/2011 - D. Honor"]
[Site "Madrid ESP"]
[Date "2011.01.16"]
[Round "6.32"]
[White "Perez Gonzalez, Jose Manuel"]
[Black "Serrano Salvador, Eduardo"]
[Result "1/2-1/2"]
[WhiteElo "2281"]
[BlackElo "2359"]
[PlyCount "30"]
[EventDate "2010.11.21"]
[EventType "team"]
[EventRounds "14"]
[EventCountry "ESP"]
[Source "lmi"]
[SourceDate "2010.11.21"]
[WhiteTeam "Amigos del Retiro"]
[BlackTeam "Moratalaz"]
[WhiteTeamCountry "ESP"]
[BlackTeamCountry "ESP"]

1. e4 d6 2. d4 Nf6 3. Nc3 e5 4. Nf3 Nbd7 5. Bc4 Be7 6. O-O O-O 7. Re1 exd4 8.
Nxd4 Nb6 9. Bf1 c5 10. Nde2 d5 11. exd5 Nbxd5 12. Nxd5 Qxd5 13. Qxd5 Nxd5 14.
Nf4 Nxf4 15. Bxf4 Bf6 1/2-1/2

[Event "Liga Madrileña 2010/2011 - D. Honor"]
[Site "Madrid ESP"]
[Date "2011.01.16"]
[Round "6.33"]
[White "Ramirez Garcia, Jorge Alberto"]
[Black "Garcia Cuenca, Victor"]
[Result "1/2-1/2"]
[WhiteElo "2255"]
[BlackElo "2329"]
[PlyCount "195"]
[EventDate "2010.11.21"]
[EventType "team"]
[EventRounds "14"]
[EventCountry "ESP"]
[Source "lmi"]
[SourceDate "2010.11.21"]
[WhiteTeam "Moratalaz"]
[BlackTeam "Amigos del Retiro"]
[WhiteTeamCountry "ESP"]
[BlackTeamCountry "ESP"]

1. e4 c5 2. c3 Nf6 3. e5 Nd5 4. Nf3 e6 5. d4 cxd4 6. cxd4 Nc6 7. Bc4 d6 8. O-O
Be7 9. Qe2 O-O 10. Nc3 dxe5 11. dxe5 Nxc3 12. bxc3 Qa5 13. Bd2 b6 14. a4 Bb7
15. Rfb1 a6 16. Bd3 Rad8 17. c4 Bb4 18. Bxh7+ Kxh7 19. Qe4+ f5 20. exf6+ Qf5
21. Qxf5+ exf5 22. Bxb4 Nxb4 23. fxg7 Rf6 24. Rxb4 Bxf3 25. gxf3 Kxg7 26. Rab1
Rdd6 27. Kf1 Rc6 28. Rc1 Rfe6 29. Rb3 Re5 30. Rd1 Ra5 31. Rd7+ Kf6 32. Rb4 Re5
33. Ra7 a5 34. Rb5 Ree6 35. c5 bxc5 36. Raxa5 Re5 37. Ra8 Kg5 38. a5 Ree6 39.
a6 Rxa6 40. Rxa6 Rxa6 41. Rxc5 Kf4 42. Rc3 Rh6 43. h4 Rh8 44. Ke2 Re8+ 45. Re3
Rh8 46. Ra3 Re8+ 47. Kf1 Rh8 48. Kg2 Rg8+ 49. Kh3 Rh8 50. Ra5 Rh7 51. Kg2 Rg7+
52. Kf1 Rh7 53. Ke2 Re7+ 54. Kd3 Rd7+ 55. Ke2 Re7+ 56. Kd3 Rd7+ 57. Ke2 Re7+
58. Kf1 Rh7 59. h5 Rxh5 60. Ke2 Rh1 61. Ra4+ Ke5 62. f4+ Kd5 63. Ra5+ Ke4 64.
Ra4+ Kd5 65. Ke3 Re1+ 66. Kf3 Rb1 67. Kg3 Rg1+ 68. Kf3 Rb1 69. Ra3 Rh1 70. Re3
Rh3+ 71. Ke2 Rh5 72. Kd3 Kd6 73. Re5 Rh3+ 74. Kd4 Rh2 75. f3 Rh3 76. Rxf5 Rxf3
77. Ke4 Rf1 78. Ra5 Ke6 79. Ra6+ Kf7 80. Kf5 Rb1 81. Ra7+ Kf8 82. Kg5 Rb6 83.
Rh7 Ra6 84. Rh8+ Kg7 85. Rb8 Kf7 86. Rb5 Rc6 87. Kf5 Ra6 88. Ke5 Rc6 89. Rb7+
Kf8 90. f5 Ra6 91. Kf4 Rc6 92. Kg5 Ra6 93. Rb8+ Kg7 94. Rb7+ Kf8 95. f6 Ra1 96.
Rb8+ Kf7 97. Rb7+ Kf8 98. Rb8+ 1/2-1/2

[Event "Liga Madrileña 2010/2011 - D. Honor"]
[Site "Madrid ESP"]
[Date "2011.01.16"]
[Round "6.34"]
[White "Fernandez Garcia, Miguel Angel"]
[Black "Solaesa Navalpotro, Luis Julio"]
[Result "1/2-1/2"]
[WhiteElo "2304"]
[BlackElo "2251"]
[PlyCount "99"]
[EventDate "2010.11.21"]
[EventType "team"]
[EventRounds "14"]
[EventCountry "ESP"]
[Source "lmi"]
[SourceDate "2010.11.21"]
[WhiteTeam "Amigos del Retiro"]
[BlackTeam "Moratalaz"]
[WhiteTeamCountry "ESP"]
[BlackTeamCountry "ESP"]

1. d4 Nf6 2. c4 e6 3. g3 d5 4. Bg2 Be7 5. Nf3 Nbd7 6. Qc2 O-O 7. O-O c6 8. Nbd2
b6 9. e4 Bb7 10. Rd1 Rc8 11. e5 Ne8 12. cxd5 exd5 13. Nf1 c5 14. h4 cxd4 15.
Qe2 Nc5 16. Nxd4 Ba6 17. Qf3 Qc7 18. Bf4 Ne6 19. Bh3 Qd7 20. Kh2 N8c7 21. Nf5
Kh8 22. Nxe7 Qxe7 23. Ne3 d4 24. Nf5 Qb4 25. h5 Qxb2 26. h6 g6 27. Ne7 Qe2 28.
Qxe2 Bxe2 29. Rxd4 Rce8 30. Rd7 Bb5 31. Rxc7 Nxc7 32. Bg5 Rxe7 33. Bxe7 Re8 34.
Bf6+ Kg8 35. Rc1 Nd5 36. Bg2 Nxf6 37. exf6 a6 38. Rc7 Rb8 39. Bd5 Be8 40. Ra7
Kf8 41. Rxa6 Rd8 42. Bb3 Rd6 43. g4 Rxf6 44. Kg3 g5 45. Ra8 Ke7 46. Ra7+ Kf8
47. Ra8 Ke7 48. Ra7+ Kf8 49. Ra8 Ke7 50. Ra7+ 1/2-1/2

[Event "Liga Madrileña 2010/2011 - D. Honor"]
[Site "Madrid ESP"]
[Date "2011.01.16"]
[Round "6.35"]
[White "Fraga Castro, Jose Carlos"]
[Black "Sanchez Gonzalez, Sergio"]
[Result "1/2-1/2"]
[WhiteElo "2212"]
[BlackElo "2291"]
[PlyCount "82"]
[EventDate "2010.11.21"]
[EventType "team"]
[EventRounds "14"]
[EventCountry "ESP"]
[Source "lmi"]
[SourceDate "2010.11.21"]
[WhiteTeam "Moratalaz"]
[BlackTeam "Amigos del Retiro"]
[WhiteTeamCountry "ESP"]
[BlackTeamCountry "ESP"]

1. b3 e5 2. Bb2 Nc6 3. e3 Nf6 4. d4 exd4 5. exd4 d5 6. Nf3 Bd6 7. Be2 O-O 8.
O-O Re8 9. c4 b6 10. Nc3 Ba6 11. Rc1 Bf4 12. Rb1 dxc4 13. Re1 Bc8 14. Bxc4 Bf5
15. Rxe8+ Qxe8 16. Bd3 Bg4 17. h3 Bh5 18. g3 Rd8 19. d5 Bxf3 20. Qxf3 Ne5 21.
Bxh7+ Nxh7 22. Qxf4 Nd3 23. Qc4 Ne5 24. Qe2 Ng5 25. f4 Nef3+ 26. Kg2 Qxe2+ 27.
Nxe2 Nd2 28. Rc1 Nge4 29. Rxc7 Rxd5 30. Nd4 a5 31. g4 Nd6 32. Kf2 N2e4+ 33. Ke3
Nc5 34. Rc6 b5 35. Bc3 b4 36. Be1 Ndb7 37. Bg3 Rd8 38. f5 Re8+ 39. Kf3 Rd8 40.
Ke3 Re8+ 41. Kf3 Rd8 1/2-1/2

[Event "Liga Madrileña 2010/2011 - D. Honor"]
[Site "Madrid ESP"]
[Date "2011.01.16"]
[Round "6.36"]
[White "Vallejo Diaz, Jesus"]
[Black "Sanchez-Alarcos Galian, Victor"]
[Result "1/2-1/2"]
[WhiteElo "2273"]
[BlackElo "2192"]
[PlyCount "80"]
[EventDate "2010.11.21"]
[EventType "team"]
[EventRounds "14"]
[EventCountry "ESP"]
[Source "lmi"]
[SourceDate "2010.11.21"]
[WhiteTeam "Amigos del Retiro"]
[BlackTeam "Moratalaz"]
[WhiteTeamCountry "ESP"]
[BlackTeamCountry "ESP"]

1. e4 c6 2. d4 d5 3. Nd2 dxe4 4. Nxe4 h6 5. Ng3 Nf6 6. Be2 h5 7. h3 h4 8. Nf1
Bf5 9. Nf3 Ne4 10. Ne3 g6 11. c3 e6 12. Nc4 Qc7 13. Be3 Nd7 14. Qc1 f6 15. Bf4
Qd8 16. Nfd2 Nxd2 17. Qxd2 Nb6 18. Nxb6 axb6 19. Bc4 b5 20. Bb3 Be4 21. Bxe6
Qe7 22. O-O Qxe6 23. Rfe1 O-O-O 24. f3 f5 25. fxe4 fxe4 26. Qe3 Re8 27. Be5 Rh5
28. Qxe4 Bd6 29. Qf4 Bxe5 30. Rxe5 Rxe5 31. dxe5 Qxe5 32. Qxh4 Qe3+ 33. Qf2 Qd3
34. Rf1 Re2 35. Qc5 Qd2 36. Rf8+ Kc7 37. Rf7+ Kb8 38. Rf8+ Kc7 39. Rf7+ Kb8 40.
Rf8+ Kc7 1/2-1/2

[Event "Liga Madrileña 2010/2011 - D. Honor"]
[Site "Madrid ESP"]
[Date "2011.01.16"]
[Round "6.41"]
[White "Moreno Ruiz, Javier"]
[Black "Enjuto Velasco, Roberto"]
[Result "1-0"]
[WhiteElo "2527"]
[BlackElo "2184"]
[PlyCount "61"]
[EventDate "2010.11.21"]
[EventType "team"]
[EventRounds "14"]
[EventCountry "ESP"]
[Source "lmi"]
[SourceDate "2010.11.21"]
[WhiteTeam "Collado Villalba"]
[BlackTeam "Vallecas CDV"]
[WhiteTeamCountry "ESP"]
[BlackTeamCountry "ESP"]

1. c4 e6 2. g3 c5 3. Bg2 a6 4. Nf3 d6 5. Nc3 Nd7 6. O-O Qc7 7. b3 b6 8. Bb2 Bb7
9. Rc1 Ngf6 10. e3 Be7 11. d4 O-O 12. a4 Rac8 13. d5 exd5 14. cxd5 Qb8 15. Nh4
Rfe8 16. Nf5 Bf8 17. e4 g6 18. Ne3 b5 19. Qc2 Bg7 20. Rfe1 c4 21. bxc4 bxc4 22.
Ba3 Qc7 23. Rb1 Rb8 24. Rb4 Ne5 25. Reb1 Ba8 26. Rxb8 Rxb8 27. Rxb8+ Qxb8 28.
Ncd1 Qc7 29. f4 Neg4 30. Qxc4 Qb6 31. Qb4 1-0

[Event "Liga Madrileña 2010/2011 - D. Honor"]
[Site "Madrid ESP"]
[Date "2011.01.16"]
[Round "6.42"]
[White "Pastor Alonso de Prado, Alberto"]
[Black "Ortiz Herranz, Eleazar"]
[Result "0-1"]
[WhiteElo "2176"]
[BlackElo "2243"]
[PlyCount "100"]
[EventDate "2010.11.21"]
[EventType "team"]
[EventRounds "14"]
[EventCountry "ESP"]
[Source "lmi"]
[SourceDate "2010.11.21"]
[WhiteTeam "Vallecas CDV"]
[BlackTeam "Collado Villalba"]
[WhiteTeamCountry "ESP"]
[BlackTeamCountry "ESP"]

1. e4 e6 2. d4 d5 3. Nd2 a6 4. Ngf3 Nf6 5. Bd3 c5 6. dxc5 dxe4 7. Nxe4 Nxe4 8.
Bxe4 Qxd1+ 9. Kxd1 Bxc5 10. Ke2 Nd7 11. Be3 Bxe3 12. Kxe3 Nc5 13. Nd2 Nxe4 14.
Nxe4 Ke7 15. c4 f5 16. Nc3 Bd7 17. Rac1 Rac8 18. Ne2 g5 19. f4 gxf4+ 20. Nxf4
Bc6 21. Rhd1 Rhd8 22. Rxd8 Rxd8 23. b4 Kf6 24. g3 Be4 25. g4 Ke5 26. g5 Rg8 27.
h4 Kd6 28. c5+ Ke7 29. Kd4 Rd8+ 30. Ke5 Rd2 31. a3 Bc6 32. h5 Ra2 33. Rc3 Ra1
34. Re3 Rh1 35. Re2 Bf3 36. Re3 Bxh5 37. Nxe6 Bg4 38. Nf4 Rf1 39. Nd5+ Kf7 40.
Nf4 Ke7 41. a4 Ra1 42. Nd5+ Kf7 43. a5 Rb1 44. Kd6 Rd1 45. Ke5 Kg6 46. Nf6 Rb1
47. Nxg4 fxg4 48. Re4 Kxg5 49. Kd6 g3 50. Kc7 Kf5 0-1